Pramen radosti a starosti

Zásielková služba firmy Quelle, s.r.o. Materská a dcérska spoločnosť. Spontánna znalosť zásielkových služieb pôsobiacich v Českej republike. Nákup prostredníctvom katalógu. Nové služby firmy Quelle.

Na minha lista:
Detalhes bibliográficos
Autor principal: Klánová, E.
Formato: Capítulo de Livro
Idioma:tcheco
Assuntos:
Tags: Adicionar Tag
Sem tags, seja o primeiro a adicionar uma tag!

MARC

LEADER 00000naa a2200000 4500
001 r026073
005 20230920093641.6
041 0 |a cze 
044 |a CZ 
245 1 0 |a Pramen radosti a starosti  |c E. Klánová 
520 |a Zásielková služba firmy Quelle, s.r.o. Materská a dcérska spoločnosť. Spontánna znalosť zásielkových služieb pôsobiacich v Českej republike. Nákup prostredníctvom katalógu. Nové služby firmy Quelle. 
610 2 0 |a marketing 
610 2 0 |a predaj 
610 2 0 |a služby zásielkové 
610 2 0 |a Quelle Slovensko, s.r.o. Bratislava 
610 2 0 |a Nemecko 
610 2 0 |a Česko 
610 2 0 |a Slovensko 
610 2 0 |a služby 
100 1 |a Klánová, E.